01120nam a2200241 a 4500001001000000003000400010005001700014008004100031040002500072082002900097100005100126245004200177246002900219260003900248300002100287500024000308650003100548650003100579910003700610942001400647952020000661999001700861000033625OSt20240412074257.0110902s1877 dr 000 0 spa d aDO-SdBNPbspacBNPHU 4aRD861.2bP438f, 18772221 aPérez, José Joaquín, 977614d1845-1900.10aFantasías indíjenas cJ. J. Perez12aFantasías indígenas  a[Santo Domingo]:b[s.n.],c[1877]. a252 p. ;c18 cm. aDedicatoria a la eminente poetisa dominicana señorita Salomé Ureña, en testimonio de admiración i simpatía; y a mi mui querido maestro el ilustrado Presbítero Fernando Arturo de Meriño, en prenda de inalterable gratitud. 4aPoesía dominicana977615 0aLiteratura dominicana.967 aValidado. Control de calidad MFF 2ddccLBS1 00102ddc53708PDaBNPHUbBNPHUcHDd2011-09-02l0o BNPHU PD-RV RD861.2 P438f 1877p33625-10r2020-06-25w2020-06-25yLBS1zPerteneció a la biblioteca personal de Carlos Larrazábal Blanco. c33116d33116